|
|
|
|
| LEADER |
00000nab a2200000 a 4500 |
| 001 |
vtls010461492 |
| 003 |
SK-MaSNL |
| 005 |
20260303093917.0 |
| 008 |
121018 2012 xo m 000 0 cze |
| 015 |
|
|
|a SNBRB2012/10
|2 lmaosk
|
| 040 |
|
|
|a LMAOSK
|b slo
|c LMAOSK
|e AACR2
|
| 041 |
0 |
|
|a cze
|
| 044 |
|
|
|a xo
|c SK
|
| 080 |
|
|
|a 623.46
|2 1981
|
| 100 |
1 |
|
|a Smíšek, Martin
|4 aut
|9 447990
|
| 245 |
1 |
0 |
|a Brimstone
|c Martin Smíšek
|
| 300 |
|
|
|b Fotogr., tab.
|
| 650 |
0 |
7 |
|a riadené strely
|2 SNKPH
|9 50991
|
| 650 |
0 |
7 |
|a raketové zbrane
|2 SNKPH
|9 69234
|
| 650 |
0 |
7 |
|a Brimstone (riadená strela)
|2 snkbucl
|9 1105629
|
| 773 |
0 |
|
|t ATM
|g Roč. 44, č. 10 (2012), s. 42-46
|x 1802-4823
|
| 852 |
|
|
|a LMAOSK
|b KIS3GCP
|
| 958 |
|
|
|a NB
|
| 999 |
|
|
|c 1817821
|d 1819751
|